JR西日本 輸送密度が2,000人/日未満の路線 - Statistics

General Stats
  • This quiz has been taken 140 times
  • The average score is 28 of 32
Answer Stats
路線名 区間 輸送密度 営業係数 % Correct
山陰線 城崎温泉~浜坂 574 890
98%
山陰線 浜坂~鳥取 763 821
98%
山陰線 出雲市~益田 868 536
98%
山陰線 益田~長門市 210 2,227
98%
山陰線 長門市~小串・仙崎 185 1,469
98%
芸備線 備中神代~東城 81 2,692
95%
芸備線 東城~備後落合 19 9,945
95%
芸備線 備後落合~備後庄原 76 2,903
95%
芸備線 備後庄原~三次 370 802
95%
芸備線 三次~下深川 1,001 726
95%
姫新線 播磨新宮~上月 780 896
92%
姫新線 上月~津山 387 1,023
92%
姫新線 津山~中国勝山 725 919
92%
姫新線 中国勝山~新見 99 4,510
92%
木次線 宍道~出雲横田 212 1,388
91%
木次線 出雲横田~備後落合 23 3,725
91%
加古川線 西脇市~谷川 293 1,758
85%
美祢線 厚狭~長門市 307 711
85%
小浜線 敦賀~東舞鶴 923 736
84%
紀勢線 新宮~白浜 960 650
84%
小野田線 小野田~居能など 391 1,170
84%
播但線 和田山~寺前 1,083 299
83%
岩徳線 岩国~櫛ケ浜 1,047 586
83%
福塩線 府中~塩町 158 2,117
81%
呉線 三原~広 1,606 499
81%
山口線 宮野~津和野 541 801
81%
山口線 津和野~益田 433 869
81%
関西線 亀山~加茂 978 884
79%
因美線 東津山~智頭 137 2,054
79%
赤穂線 播州赤穂~長船 1,687 646
76%
越美北線 越前花堂~九頭竜湖 325 1,882
68%
大糸線 南小谷~糸魚川 150 2,132
65%
No matching quizzes found
Score Distribution
Percent of People with Each Score
Percentile by Number Answered
Your Score History
You have not taken this quiz